000 00251nam a2200085Ia 4500
008 170620s9999 xx 000 0 und d
100 _aSharma- R. A. (Hindi)
245 0 _aShiksha Anusandhan evam Sankhyaki (Hindi)
260 _bMeerut- International Publishing House
260 _c2009
999 _c25117
_d25117